00478 a2200169 450000100060000002000060000604000240001210000220003624000370005824500320009530000130012736200090014065000310014994200070018095201040018799900170029169232 a  cAnchieta - Itaigara aBrasileiro, Jonar10aO presente de Zé Doidinholpor10aO presente de Zé Doidinho a28[16p.]0 a2001 4aLiteratura infanto-juvenil cBK 00104070a88.1b88.1d2023-11-21l0o028.5 BRA PREp1344/ITAr2023-11-21 20:03:42w2023-11-21yBK c69232d69232